Financovanie malých a stredných podnikateľov v prostredí Českej republiky bakalárska práca

Enregistré dans:
Détails bibliographiques
Auteur principal: Válka, Radoslav
Collectivité auteur: Národohospodárska fakulta EU. Katedra bankovníctva a medzinárodných financií
Autres auteurs: Hulin, Adam
Format: Livre
Langue:slovaque
Publié: Bratislava 2019
Tags: Ajouter un tag
Pas de tags, Soyez le premier à ajouter un tag!

MARC

LEADER 00000nbm a2200000 4500
001 0256494
005 20190729123016.3
041 0 |a slo 
044 |a SK 
245 1 0 |a Financovanie malých a stredných podnikateľov v prostredí Českej republiky  |b bakalárska práca  |c Radoslav Válka ; školiteľ: Adam Hulin 
264 1 |a Bratislava  |c 2019 
300 |a 43 s. 
100 1 |a Válka, Radoslav 
700 1 |a Hulin, Adam 
710 2 |a Národohospodárska fakulta EU. Katedra bankovníctva a medzinárodných financií